Language Quiz

Random Language or Letter Quiz

Words Using Letters of 'COST' Quiz Stats

 Plays Quiz not verified by Sporcle

Challenge
Share
Tweet
Embed
Score 0/41 Timer 04:00
0 Plays Today
C,O,S, and T % Correct
COS
96.6%
TO
96.6%
COT
93.1%
SO
93.1%
COST
89.7%
SOT
89.7%
SCOT
82.8%
TOO
82.8%
COO
79.3%
COOT
79.3%
COTS
79.3%
COOS
75.9%
SOOT
75.9%
COOTS
72.4%
OS
72.4%
SCOTS
69%
SOOTS
69%
TOOT
69%
TOOTS
69%
COSTS
65.5%
SCOOT
65.5%
C,O,S, and T % Correct
TOT
65.5%
TOTS
65.5%
TOSS
58.6%
COSS
55.2%
SCOOTS
55.2%
SOTS
55.2%
COCO
44.8%
OTTO
44.8%
SOS
44.8%
TOST
44.8%
COCOS
41.4%
OTTOS
41.4%
STOT
37.9%
OOT
34.5%
STOTS
34.5%
COOCOO
31%
OOTS
27.6%
STOTT
27.6%
STOTTS
27.6%
STOSS
17.2%

You're not logged in!

Compare scores with friends on all Sporcle quizzes.
Join for Free
OR
Log In

You Might Also Like...

Show Comments

Extras

Top Quizzes Today


Score Distribution

Your Account Isn't Verified!

In order to create a playlist on Sporcle, you need to verify the email address you used during registration. Go to your Sporcle Settings to finish the process.

Report this User

Report this user for behavior that violates our Community Guidelines.

Details: